000 00545nam a2200229Ia 4500
003 OSt
005 20220918221303.0
006 a|||||r|||| 00| 0
007 ta
008 220917b |||||||| |||| 00| 0 eng d
024 _a149,182
037 _cTextual
040 _aARTS
_cARTS
_beng
041 _2eng
_aeng
082 _aT:84, K6
100 _aInlow Gail M
_9139912
245 0 _aEmergent in curriculum
260 _c1966
650 _aEDUCATION
942 _hT:84, K6
_cTEXL
_2CC
999 _c271851
_d271851